000 00386nam a2200145Ia 4500
008 231129s1997||||xx |||||||||||||| ||spa||
020 _a84-339-1065-5
040 _bspa
082 _a863 T964c
100 _aTusquets Esther
245 0 _aCon la miel en los labios
260 _c1997
264 _aBarcelona EspaƱa : Anagrama
942 _2ddc
_cBKS
999 _c7826
_d7826